Biathlon - Mondiaux de Nove Mesto 2024 - Statistiques

Statistiques générales
  • Ce quiz a été pris 180 fois
  • Le résultat moyen est 53 sur 66
Statistiques - réponses
Epreuve Médaille Nationalité Réponse % Correct
Sprint Femme Or France Julia Simon
99%
Poursuite Femme Or France Julia Simon
99%
Individuel Femme Bronze France Julia Simon
99%
Relais femme Or France Julia Simon
99%
Relais Mixte Or France Julia Simon
99%
Sprint Femme Bronze France Lou Jeanmonnot
97%
Mass Start Femme Bronze France Lou Jeanmonnot
97%
Relais femme Or France Lou Jeanmonnot
97%
Relais Mixte Simple Or France Lou Jeanmonnot
97%
Poursuite Femme Argent Italie Lisa Vittozzi
96%
Individuel Femme Or Italie Lisa Vittozzi
96%
Mass Start Femme Argent Italie Lisa Vittozzi
96%
Relais Mixte Simple Argent Italie Lisa Vittozzi
96%
Sprint Homme Argent Norvège Johannes Thingnes Boe
95%
Poursuite Homme Or Norvège Johannes Thingnes Boe
95%
Individuel Homme Or Norvège Johannes Thingnes Boe
95%
Mass Start Homme Or Norvège Johannes Thingnes Boe
95%
Relais homme Argent Norvège Johannes Thingnes Boe
95%
Relais Mixte Argent Norvège Johannes Thingnes Boe
95%
Relais Mixte Simple Bronze Norvège Johannes Thingnes Boe
95%
Mass Start Homme Bronze France Quentin Fillon-Maillet
95%
Relais homme Bronze France Quentin Fillon-Maillet
95%
Relais Mixte Or France Quentin Fillon Maillet
95%
Relais Mixte Simple Or France Quentin Fillon-Maillet
95%
Individuel Homme Argent Norvège Tarjei Boe
94%
Relais homme Argent Norvège Tarjei Boe
94%
Relais Mixte Argent Norvège Tarjei Boe
94%
Relais femme Argent Suède Elvira Oeberg
93%
Relais Mixte Bronze Suède Elvira Oeberg
93%
Relais homme Bronze France Emilien Jacquelin
93%
Relais femme Argent Suède Hanna Oeberg
93%
Relais Mixte Bronze Suède Hanna Oeberg
93%
Sprint Femme Argent France Justine Braisaz-Bouchet
91%
Poursuite Femme Bronze France Justine Braisaz-Bouchet
91%
Mass Start Femme Or France Justine Braisaz-Bouchet
91%
Relais femme Or France Justine Braisaz-Bouchet
91%
Relais Mixte Or France Justine Braisaz-Bouchet
91%
Relais homme Bronze France Éric Perrot
90%
Relais Mixte Or France Éric Perrot
90%
Relais homme Or Suède Sebastian Samuelsson
89%
Relais Mixte Bronze Suède Sebastian Samuelsson
89%
Relais homme Bronze France Fabien Claude
84%
Sprint Homme Or Norvège Sturla Holm Laegreid
80%
Poursuite Homme Argent Norvège Sturla Holm Laegreid
80%
Relais homme Argent Norvège Sturla Holm Laegreid
80%
Relais Mixte Argent Norvège Ingrid Landmark Tandrevold
74%
Relais Mixte Simple Bronze Norvège Ingrid Landmark Tandrevold
74%
Sprint Homme Bronze Norvège Vetle Sjaastad Christiansen
74%
Poursuite Homme Bronze Norvège Vetle Sjaastad Christiansen
74%
Relais homme Argent Norvège Vetle Sjaastad Christiansen
74%
Relais homme Or Suède Martin Ponsiluoma
73%
Relais Mixte Bronze Suède Martin Ponsiluoma
73%
Relais Mixte Simple Argent Italie Tommaso Giacomel
70%
Relais femme Argent Suède Anna Magnusson
60%
Relais femme Or France Sophie Chauveau
56%
Relais femme Bronze Allemagne Vanessa Voigt
50%
Relais homme Or Suède Jesper Nelin
46%
Relais Mixte Argent Norvège Karoline Knotten
43%
Relais femme Bronze Allemagne Selina Grotian
41%
Mass Start Homme Argent Lettonie Andrejs Rastorgujevs
37%
Relais femme Argent Suède Linn Persson
35%
Relais homme Or Suède Viktor Brandt
32%
Individuel Homme Bronze Allemagne Benedikt Doll
31%
Individuel Femme Argent Allemagne Janina Hettich-Walz
29%
Relais femme Bronze Allemagne Janina Hettich-Walz
29%
Relais femme Bronze Allemagne Sophia Schneider
7%
Aucun quiz correspondant
Distribution des résultats
% des personnes avec chaque résultat
Percentile par nombre de réponses
Votre historique - résultats
Vous n’avez pas pris ce quiz